000 00875nab a2200193 i 4500
001 768714001
003 CO-MdFUSB
005 20240426130607.0
008 240426t1999 us ||||| |||| 00| 0 eng d
040 _bspa
_cCO-MdFUSB
_dCO-MdFUSB
100 _aBarnes, M. Craig,
_eautor
245 _aThe most important thing you do
_c/ M. Craig Barnes
300 _aVolumen 20, número 2 (spring, 1999), páginas: 50 - 55
_c; 27 cm
520 _aPor qué la oración pastoral eclipsa incluso la predicación como papel principal en la adoración. No se puede minimizar las formas en que la oración pastoral permite a las almas sedientas extraer esta agua viva.
546 _aTexto en inglés.
650 7 _aOración
_986
773 0 _068780
_982555
_oR2489
_tLeadership :
_w(CO-MdFUSB)768714001
_gVolumen 20, número 2 (spring, 1999), páginas: 50 - 55
_qpágina: 50
942 _cANA
999 _c69416
_d69416